Pathologická fysiologie. Část 1 /

Hlavní autor: Hepner, Josef, 1892-1965
Korporativní autor: Univerzita Karlova. Rektorát
Jazyk: Čeština
Vydáno: Praha : Zdravotnické nakladatelství, 1951
Edice: Prozatímní učební pomůcky
Fyzický popis: [4], 106 s. : [6] obr. příl. ; 4°
Knihy
Uloženo v:
LEADER 01011nam a22002532a 4500
001 000817968
003 CZ BrMZK
005 20060526142904.0
007 ta
008 060526s1951 xr er|||||||||||cze d
040 |a ABA001  |b cze  |c BOA001  |d ABA001 
100 1 |a Hepner, Josef,  |d 1892-1965  |7 jk01040756  |4 aut 
245 1 0 |a Pathologická fysiologie.  |n Část 1 /  |c J. Hepner a spoluprac. 
260 |a Praha :  |b Zdravotnické nakladatelství,  |c 1951  |f (Středoč. tisk., n.p., záv. 10) 
300 |a [4], 106 s. :  |b [6] obr. příl. ;  |c 4° 
490 1 |a Prozatímní učební pomůcky ;  |v čís. 81 
500 |a Vyd. rektorát univ. Karlovy 
710 2 |a Univerzita Karlova.  |b Rektorát  |7 kn20010709365 
830 0 |a Prozatímní učební pomůcky 
910 |a BOA001  |b 4-0269.525,1 
990 |a BK 
991 |b 200605 
996 6 |b BC-314967  |c 4-0269.525,1  |l MZK  |r Sklad / do 24 hodin  |n 0  |w 000817968  |u 000070  |a 1  |e BOA001  |j MZK50  |s P 
996 6 |b BC-314968  |c 4-0269.525,1  |l MZK  |r Sklad / do 24 hodin  |n 0  |w 000817968  |u 000080  |a 1  |e BOA001  |j MZK50  |s P